قدیم ہیندستان کی سکولر روایات / (Record no. 170251)

MARC details
000 -LEADER
fixed length control field 00606nam a22001937a 4500
005 - DATE AND TIME OF LATEST TRANSACTION
control field 20191212150856.0
010 ## - LCCN (DPL NO)
LC control number A-374667
020 ## - INTERNATIONAL STANDARD BOOK NUMBER
Terms of availability 12.00
035 ## - SYSTEM CONTROL NUMBER
System control number A-374667
037 ## - SOURCE OF ACQUISITION
Source of stock number/acquisition BPPD/Pub.
082 ## - DEWEY DECIMAL CLASSIFICATION NUMBER
Classification number 320.954
100 ## - MAIN ENTRY--PERSONAL NAME
Personal name محبوب اشرف
245 ## - TITLE STATEMENT
Title قدیم ہیندستان کی سکولر روایات /
Statement of responsibility, etc محبوب اشرف
246 ## - VARYING FORM OF TITLE
Title proper/short title Kadeem Hindustan ki Scholar Riwayat (Urdu) /
Remainder of title by Mehboob Ashraf
260 ## - PUBLICATION, DISTRIBUTION, ETC. (IMPRINT)
Place of publication, distribution, etc New Delhi
Name of publisher, distributor, etc Nayi Awaz
Date of publication, distribution, etc 1988 ء
270 ## - ADDRESS
Address Jamia Nagar
City New Delhi
Postal code 110025
300 ## - PHYSICAL DESCRIPTION
Extent 88p.
Dimensions 20cm(Hb)
942 ## - ADDED ENTRY ELEMENTS (KOHA)
Source of classification or shelving scheme Dewey Decimal Classification
Item type Urdu Bks
Classification part 320.954
Call number suffix م ح ب
Holdings
Withdrawn status Lost status Not for loan Collection code Home library Current library Date acquired Source of acquisition Cost, normal purchase price Full call number Barcode Copy number Cost, replacement price Koha item type
      Non-fiction Central Library Central Library 12/12/2019 BPPD/Ven. 12.00 320.954 م ح ب A-374667 1 12.00 Urdu Bks

© Delhi Public Library
Hit Counter
free hit counter